[Event "ISL-chT2 1516"]
[Site "Reykjavik"]
[Date "2015.09.26"]
[Round "2.3"]
[White "Unnarsson, Sverrir"]
[Black "Petersson, Baldur Teodor"]
[Result "1-0"]
[WhiteElo "1951"]
[BlackElo "1942"]
[PlyCount "37"]
[EventDate "2015.09.25"]
[EventType "team-tourn"]
[EventRounds "7"]
[EventCountry "ISL"]
[SourceTitle "EXT 2017"]
[Source "ChessBase"]
[SourceDate "2016.10.25"]
[SourceVersion "1"]
[SourceVersionDate "2016.10.25"]
[SourceQuality "1"]
[WhiteTeam "Selfoss"]
[BlackTeam "Gardabaer"]
[WhiteTeamCountry "ISL"]
[BlackTeamCountry "ISL"]

1. e4 c5 2. Nf3 e6 3. d4 cxd4 4. Nxd4 a6 5. Bd3 Nf6 6. 0-0 Qc7 7. Qe2 d6 8. Kh1 Nbd7 9. Nc3 b5 10. Bg5 Bb7 11. f4 Be7 12. a3 0-0 13. Rae1 Rfe8 14. e5 dxe5 15. fxe5 Nd5 16. Bxh7+ Kxh7 17. Qh5+ Kg8 18. Qxf7+ Kh8 19. Nxe6 1-0

[Event "Reykjavik op"]
[Site "Reykjavik"]
[Date "2010.02.27"]
[Round "4"]
[White "Finnbogadottir, Tinna Kristin"]
[Black "Unnarsson, Sverrir"]
[Result "1/2-1/2"]
[WhiteElo "1750"]
[BlackElo "1958"]
[PlyCount "58"]
[EventDate "2010.02.24"]
[EventType "swiss"]
[EventRounds "9"]
[EventCountry "ISL"]
[SourceTitle "CBM 135 Extra"]
[Source "ChessBase"]
[SourceDate "2010.05.04"]
[SourceVersion "1"]
[SourceVersionDate "2010.05.04"]
[SourceQuality "1"]

1. e4 d5 2. exd5 Nf6 3. d4 Nxd5 4. Nf3 Bg4 5. Be2 e6 6. 0-0 Be7 7. b3 0-0 8. c4 Nb6 9. Ba3 Nc6 10. Bxe7 Qxe7 11. Ne5 Nxe5 12. dxe5 Rad8 13. Qe1 Qg5 14. Nc3 Bxe2 15. Qxe2 Rd2 16. Qe4 Rfd8 17. h3 c6 18. Rad1 h6 19. Rxd2 Rxd2 20. h4 Qd8 21. g3 Nc8 22. Qb1 Qd4 23. Ne4 Rd3 24. Re1 Ne7 25. Qa1 Nf5 26. Qxd4 Rxd4 27. f3 Kf8 28. Kf2 Ke7 29. h5 Rd8 1/2-1/2

[Event "Reykjavik op"]
[Site "Reykjavik"]
[Date "2010.02.27"]
[Round "5"]
[White "Unnarsson, Sverrir"]
[Black "Johannsdottir, Johanna Bjorg"]
[Result "1-0"]
[WhiteElo "1958"]
[BlackElo "1705"]
[PlyCount "79"]
[EventDate "2010.02.24"]
[EventType "swiss"]
[EventRounds "9"]
[EventCountry "ISL"]
[SourceTitle "CBM 135 Extra"]
[Source "ChessBase"]
[SourceDate "2010.05.04"]
[SourceVersion "1"]
[SourceVersionDate "2010.05.04"]
[SourceQuality "1"]

1. e4 c5 2. Nf3 e6 3. d4 cxd4 4. Nxd4 a6 5. Bd3 Nf6 6. 0-0 d6 7. Qe2 Nbd7 8. c4 g6 9. Nc3 Bg7 10. Bg5 0-0 11. Kh1 b6 12. Rad1 Bb7 13. f4 Qc7 14. Nf3 Nh5 15. g4 Nhf6 16. h3 Rac8 17. Kh2 Nc5 18. Nd2 Nfd7 19. Bb1 Nb8 20. Bh4 Nc6 21. Nf3 f6 22. f5 Rce8 23. Bg3 Ne5 24. Nd4 exf5 25. gxf5 Kf7 26. b4 Ncd7 27. Ne6 Rxe6 28. fxe6+ Kxe6 29. Bd3 Rc8 30. Nd5 Qc6 31. Rc1 Nxd3 32. Qxd3 Ne5 33. Bxe5 dxe5 34. Qf3 Rf8 35. c5 bxc5 36. Qb3 Kd7 37. Rcd1 Ke8 38. Nb6 Rf7 39. Rd8+ Kxd8 40. Qxf7 1-0